[Event "217th YMCA Summer A"]
[Site "Warsaw"]
[Date "2019.07.30"]
[Round "7"]
[White "Szewczak, Andrzej"]
[Black "Omar, Mohamed"]
[Result "1-0"]
[WhiteElo "1720"]
[BlackElo "1802"]
[PlyCount "95"]
[EventDate "2019.07.03"]
[EventType "tourn"]
[EventRounds "1"]
[EventCountry "POL"]
[SourceDate "2019.07.03"]

1. e4 Nf6 2. Nc3 d5 3. e5 d4 4. exf6 dxc3 5. fxg7 cxd2+ 6. Bxd2 Bxg7 7. Qh5 Qd6
8. Bc4 Qe5+ 9. Qxe5 Bxe5 10. O-O-O Nc6 11. Nf3 Bd6 12. h3 Bf5 13. Bd5 Nd8 14.
Nd4 Bd7 15. Rhe1 c5 16. Nf3 Rg8 17. g4 Bc6 18. Bg5 Bxd5 19. Rxd5 Ne6 20. Bd2
O-O-O 21. Ne5 Nc7 22. Rd3 Bxe5 23. Rxd8+ Kxd8 24. Rxe5 b6 25. Rh5 Rg7 26. Bh6
Rg6 27. Be3 Rg7 28. Kd2 Kd7 29. Kd3 e6 30. Bh6 Rg6 31. c4 Ne8 32. Bf4 Rg7 33.
Bh6 Rg6 34. Bd2 Nf6 35. Rh4 Ke7 36. g5 Nd7 37. Rxh7 Ne5+ 38. Kc3 Nf3 39. h4
Nxd2 40. Kxd2 Kf8 41. Ke3 Kg8 42. Rh5 f6 43. Ke4 Kg7 44. f4 a6 45. f5 exf5+ 46.
Kxf5 b5 47. b3 b4 48. Rh6 1-0

[Event "217th YMCA Summer A"]
[Site "Warsaw"]
[Date "2019.07.31"]
[Round "7"]
[White "Pajak, Jakub"]
[Black "Kasperkiewicz, Pawel"]
[Result "1-0"]
[WhiteElo "1967"]
[BlackElo "1905"]
[PlyCount "87"]
[EventDate "2019.07.03"]
[EventType "tourn"]
[EventRounds "1"]
[EventCountry "POL"]
[SourceDate "2019.07.03"]

1. d4 Nf6 2. Bg5 Ne4 3. Bf4 c5 4. d5 d6 5. f3 Nf6 6. e4 g6 7. Nc3 Bg7 8. Qd2
O-O 9. Bh6 a6 10. h4 b5 11. g4 b4 12. Nce2 Nbd7 13. h5 Ne5 14. Ng3 Bh8 15. Bxf8
Qxf8 16. g5 Ne8 17. Qh2 Qg7 18. hxg6 fxg6 19. Qh6 Nf7 20. Qxg7+ Bxg7 21. O-O-O
Nxg5 22. f4 Nf7 23. Bh3 Nf6 24. e5 dxe5 25. fxe5 Nxe5 26. d6 exd6 27. Rxd6 Nf7
28. Be6 Bxe6 29. Rxe6 Ng5 30. Rc6 Re8 31. N1e2 a5 32. Rxc5 Nfe4 33. Rxa5 Nxg3
34. Nxg3 Nf3 35. a3 h5 36. axb4 h4 37. Ra3 Bh6+ 38. Kb1 Nd2+ 39. Ka2 hxg3 40.
Rxh6 Kg7 41. Rh3 g2 42. Rhg3 Re2 43. Ra7+ Kf6 44. Ra6+ 1-0

[Event "217th YMCA Summer A"]
[Site "Warsaw"]
[Date "2019.07.31"]
[Round "7"]
[White "Podgorski, Maciej"]
[Black "Sloniewski, Michal"]
[Result "0-1"]
[WhiteElo "1763"]
[BlackElo "1744"]
[PlyCount "131"]
[EventDate "2019.07.03"]
[EventType "tourn"]
[EventRounds "1"]
[EventCountry "POL"]
[SourceDate "2019.07.03"]

1. e4 d5 2. exd5 Nf6 3. d4 Nxd5 4. c4 Nb6 5. Nf3 Bg4 6. Be2 Nc6 7. Be3 e6 8.
O-O Bxf3 9. Bxf3 Nxc4 10. Qa4 Nb6 11. Bxc6+ bxc6 12. Qxc6+ Qd7 13. Qf3 Be7 14.
Nc3 Rd8 15. Qg3 O-O 16. Bh6 Qxd4 17. Nb5 Qf6 18. Bf4 Nd5 19. Be5 Qg6 20. Nxa7
Bd6 21. Nc6 Qxg3 22. Bxg3 Ra8 23. Bxd6 cxd6 24. Rfc1 g6 25. b4 Ra4 26. b5 Rfa8
27. Rc2 Nb6 28. Kf1 Kg7 29. Ke2 Kf6 30. Kd3 d5 31. g3 e5 32. f3 h5 33. h3 h4
34. g4 Rf4 35. Ke2 Ra3 36. Rf1 Nc4 37. Nb4 Re3+ 38. Kd1 Rd4+ 39. Kc1 Nd6 40.
Rc6 Rxb4 41. Rxd6+ Kg5 42. Rxd5 Kf4 43. Kc2 Re2+ 44. Kc3 Reb2 45. Rd2 Rxd2 46.
Kxb4 Rxa2 47. Rb1 Kxf3 48. b6 Ra8 49. b7 Rb8 50. Rb3+ Kf2 51. Rb2+ Kf3 52. Kc5
e4 53. Kc6 e3 54. Kc7 Rxb7+ 55. Rxb7 e2 56. Rb1 Kf2 57. Kd6 e1=Q 58. Rxe1 Kxe1
59. Ke5 Kf2 60. Kf6 Kg3 61. Kxf7 Kxh3 62. g5 Kg4 63. Kxg6 h3 64. Kf6 h2 65. g6
h1=Q 66. g7 0-1

[Event "217th YMCA Summer A"]
[Site "Warsaw"]
[Date "2019.08.02"]
[Round "8"]
[White "Pajak, Jakub"]
[Black "Szewczak, Andrzej"]
[Result "1-0"]
[WhiteElo "1967"]
[BlackElo "1725"]
[PlyCount "61"]
[EventDate "2019.07.03"]
[EventType "tourn"]
[EventRounds "2"]
[EventCountry "POL"]
[SourceDate "2019.07.03"]

1. e4 e5 2. Nf3 Nc6 3. Bc4 Bc5 4. c3 Qe7 5. d4 exd4 6. O-O dxc3 7. Nxc3 d6 8.
Nd5 Qd7 9. b4 Nxb4 10. Nxb4 Bxb4 11. Qb3 Bc5 12. e5 Nh6 13. Bxh6 gxh6 14. e6
fxe6 15. Bxe6 Qg7 16. Rac1 Bxe6 17. Qxe6+ Qe7 18. Qg4 Qd7 19. Qh5+ Kd8 20. Rfd1
Bb6 21. Ne5 Qe6 22. Nf7+ Kd7 23. Re1 Bxf2+ 24. Kxf2 Qxa2+ 25. Kg1 c6 26. Qg4+
Kc7 27. Re7+ Kb6 28. Qb4+ Ka6 29. Qxb7+ Ka5 30. Qxa7+ Kb5 31. Rb7# 1-0

[Event "217th YMCA Summer A"]
[Site "Warsaw"]
[Date "2019.08.02"]
[Round "8"]
[White "Omar, Mohamed"]
[Black "Kasperkiewicz, Pawel"]
[Result "0-1"]
[WhiteElo "1802"]
[BlackElo "1905"]
[PlyCount "58"]
[EventDate "2019.07.03"]
[EventType "tourn"]
[EventRounds "2"]
[EventCountry "POL"]
[SourceDate "2019.07.03"]

1. d4 Nf6 2. Nf3 g6 3. Bf4 Bg7 4. e3 O-O 5. Bd3 d6 6. O-O Nc6 7. c3 Nd7 8. d5
Nce5 9. Be2 c6 10. e4 Nxf3+ 11. Bxf3 Ne5 12. Be2 cxd5 13. Qxd5 Qc7 14. Na3 a6
15. Qd2 b5 16. Rac1 Bb7 17. f3 d5 18. exd5 Qc5+ 19. Be3 Qxd5 20. Qxd5 Bxd5 21.
b3 Be6 22. c4 Nc6 23. cxb5 Nd4 24. Bc4 Bxc4 25. Rxc4 axb5 26. Nxb5 Nxb5 27. a4
Nd6 28. Rc7 Rfb8 29. Rxe7 Nf5 0-1

[Event "217th YMCA Summer A"]
[Site "Warsaw"]
[Date "2019.08.01"]
[Round "8"]
[White "Kurowski, Andrzej"]
[Black "Basiaga, Sebastian"]
[Result "1/2-1/2"]
[WhiteElo "1705"]
[BlackElo "1690"]
[PlyCount "41"]
[EventDate "2019.07.03"]
[EventType "tourn"]
[EventRounds "2"]
[EventCountry "POL"]
[SourceDate "2019.07.03"]

1. d4 d5 2. Nf3 Nf6 3. c4 c6 4. Nc3 e6 5. Bg5 Nbd7 6. cxd5 cxd5 7. e3 a6 8. Bd3
Be7 9. O-O b5 10. Rc1 Bb7 11. Bb1 O-O 12. Qd3 Ne4 13. Bf4 f5 14. Ne5 Rc8 15.
Nxe4 dxe4 16. Qd2 Nxe5 17. Bxe5 Qb6 18. Rxc8 Rxc8 19. Rc1 Rxc1+ 20. Qxc1 Qc6
21. Qxc6 1/2-1/2

[Event "217th YMCA Summer A"]
[Site "Warsaw"]
[Date "2019.08.02"]
[Round "8"]
[White "Sloniewski, Michal"]
[Black "Podgorski, Maciej"]
[Result "1/2-1/2"]
[WhiteElo "1744"]
[BlackElo "1763"]
[PlyCount "99"]
[EventDate "2019.07.03"]
[EventRounds "2"]
[EventCountry "POL"]
[SourceDate "2019.07.03"]

1. e4 c5 2. Nf3 d6 3. d4 cxd4 4. Nxd4 Nf6 5. Nc3 a6 6. g3 e5 7. Nde2 Be7 8. Bg2
O-O 9. O-O Nc6 10. f4 b5 11. f5 b4 12. Nd5 Nxd5 13. exd5 Nb8 14. g4 Nd7 15. Ng3
Bb7 16. Ne4 Nf6 17. Nxf6+ Bxf6 18. g5 Bxg5 19. Qg4 Bxc1 20. Raxc1 Qb6+ 21. Kh1
f6 22. Be4 Rac8 23. Rf3 Qb5 24. Rg3 Rf7 25. Qf3 Rc4 26. Rd1 Qc5 27. Qg2 Rd4 28.
Rg1 Qc7 29. h4 a5 30. h5 h6 31. Rg6 Bxd5 32. Bxd5 Rh4+ 33. Qh2 Rxh2+ 34. Kxh2
Kf8 35. Bxf7 Qxf7 36. a3 Qd7 37. Rf1 bxa3 38. bxa3 Qa4 39. Rf2 Qxa3 40. Rfg2
Qf3 41. Rxg7 Qxh5+ 42. Kg1 Qxf5 43. Ra7 Qf3 44. Rgg7 Qd1+ 45. Kf2 Qxc2+ 46. Ke1
Qe4+ 47. Kd2 f5 48. Rgf7+ Ke8 49. Rfe7+ Kd8 50. Rh7 1/2-1/2

[Event "217th YMCA Summer A"]
[Site "Warsaw"]
[Date "2019.08.07"]
[Round "9"]
[White "Szewczak, Andrzej"]
[Black "Kasperkiewicz, Pawel"]
[Result "1/2-1/2"]
[WhiteElo "1725"]
[BlackElo "1905"]
[PlyCount "185"]
[EventDate "2019.07.03"]
[EventType "tourn"]
[EventRounds "2"]
[EventCountry "POL"]
[SourceDate "2019.07.03"]

1. e4 e6 2. d4 d5 3. exd5 exd5 4. Bd3 c5 5. c3 Nc6 6. Ne2 Nf6 7. Bf4 Be7 8. O-O
O-O 9. dxc5 Bxc5 10. Nd2 Bg4 11. Nb3 Bb6 12. h3 Bh5 13. g4 Bg6 14. Bxg6 hxg6
15. Nbd4 Re8 16. Be3 Ne5 17. Kg2 Nc4 18. Bc1 Ne4 19. Nf4 a6 20. Nf3 Bxf2 21.
Rxf2 Nxf2 22. Kxf2 Nxb2 23. Qxd5 Nd1+ 24. Kg3 Nxc3 25. Qxd8 Raxd8 26. Bb2 Ne2+
27. Nxe2 Rxe2 28. Bd4 Rc8 29. a4 b5 30. axb5 axb5 31. Ra7 f6 32. g5 Re6 33. Rb7
Rce8 34. Rxb5 Kf7 35. Bc5 Rc6 36. Rb7+ Kg8 37. Bd4 Rec8 38. Rd7 R8c7 39. Rxc7
Rxc7 40. gxf6 gxf6 41. Bxf6 Ra7 42. h4 Kf7 43. Be5 Ra4 44. Ng5+ Ke7 45. Bf4 Kf6
46. Kg4 Rb4 47. Nf3 Ra4 48. Nd2 Rb4 49. Nf1 Rb1 50. Ng3 Rg1 51. Be3 Rg2 52.
Bd4+ Ke6 53. Bg7 Rg1 54. Kf4 Kf7 55. Bd4 Rd1 56. Be3 Rd3 57. Ne4 Ra3 58. Bd4
Ra4 59. Ng5+ Ke7 60. Ke4 Ra5 61. Nf3 Ra2 62. Be3 Ke6 63. Ne5 Ra4+ 64. Bd4 Kf6
65. Ng4+ Kf7 66. Ne3 Ra2 67. Nc4 Ra4 68. Kd5 Ra6 69. Nd6+ Ke7 70. Ne4 Ra5+ 71.
Bc5+ Kf7 72. Ke5 Ra1 73. Ng5+ Kg7 74. Be7 Re1+ 75. Ne4 Kf7 76. Bg5 Re2 77. Kd5
Ra2 78. Nd6+ Kg7 79. Ke6 Re2+ 80. Kd7 Re1 81. Be7 Re2 82. Nb7 Rd2+ 83. Ke8 Re2
84. Nd8 Re1 85. Nf7 Re2 86. Ng5 Re1 87. Kd7 Rd1+ 88. Bd6 Kf6 89. Ke8 Rxd6 90.
Ne4+ Kf5 91. Nxd6+ Kg4 92. Kf7 Kxh4 93. Kxg6 1/2-1/2

[Event "217th YMCA Summer A"]
[Site "Warsaw"]
[Date "2019.08.07"]
[Round "9"]
[White "Pajak, Jakub"]
[Black "Omar, Mohamed"]
[Result "1-0"]
[WhiteElo "1967"]
[BlackElo "1802"]
[PlyCount "93"]
[EventDate "2019.07.03"]
[EventType "tourn"]
[EventRounds "2"]
[EventCountry "POL"]
[SourceDate "2019.07.03"]

1. e4 d5 2. exd5 Qxd5 3. Nf3 Nf6 4. d4 Bg4 5. Be2 Nc6 6. O-O e6 7. Bf4 O-O-O 8.
c3 h6 9. Nbd2 Nh5 10. Bg3 Nxg3 11. hxg3 h5 12. b4 g5 13. b5 Ne7 14. Ne5 Bxe2
15. Qxe2 Rh7 16. Ne4 Rg7 17. Nf6 Qd6 18. Qxh5 Ng6 19. Nxf7 Rxf7 20. Qxg6 Rg7
21. Qe4 Qe7 22. Nh5 Rh7 23. g4 Qf7 24. Rae1 Re8 25. Re3 Rh6 26. Rf3 Qg8 27. Rf6
Rh7 28. Re1 Bd6 29. Rxe6 Rhe7 30. Rxe7 Rxe7 31. Qf5+ Kd8 32. Rxe7 Bxe7 33. Nf6
Bxf6 34. Qxf6+ Kc8 35. Qf5+ Kd8 36. d5 Qg7 37. g3 Qe7 38. Kg2 a6 39. bxa6 bxa6
40. Qe6 Qg7 41. Qxa6 Qxc3 42. Qe6 Qd3 43. Qg8+ Kd7 44. Qxg5 Qe4+ 45. Kh2 Qe2
46. Qf5+ Kd8 47. g5 1-0

[Event "217th YMCA Summer A"]
[Site "Warsaw"]
[Date "2019.08.07"]
[Round "9"]
[White "Basiaga, Sebastian"]
[Black "Podgorski, Maciej"]
[Result "0-1"]
[WhiteElo "1690"]
[BlackElo "1763"]
[PlyCount "92"]
[EventDate "2019.07.03"]
[EventType "tourn"]
[EventRounds "2"]
[EventCountry "POL"]
[SourceDate "2019.07.03"]

1. e4 c5 2. Nf3 d6 3. Bb5+ Nd7 4. O-O a6 5. Bd3 b5 6. c4 Ngf6 7. cxb5 Bb7 8.
Nc3 axb5 9. Nxb5 Nxe4 10. Bxe4 Bxe4 11. Nxd6+ exd6 12. Re1 Nf6 13. d3 d5 14.
Bg5 Be7 15. dxe4 d4 16. Bxf6 Bxf6 17. e5 Be7 18. b4 O-O 19. a4 d3 20. bxc5 Bxc5
21. Qd2 Qd5 22. Red1 Rfd8 23. Qa2 Qd7 24. Qc4 Rac8 25. Qe4 Rb8 26. Ng5 Rb2 27.
Qxh7+ Kf8 28. Ne4 Qd5 29. Qh8+ Ke7 30. Qh4+ Ke8 31. Nxc5 Qxc5 32. Qh8+ Ke7 33.
Qh4+ Ke8 34. Qg3 Qd4 35. h4 Re2 36. a5 d2 37. a6 Qa7 38. Kh2 Rxf2 39. Qxg7 Rd4
40. Qh8+ Ke7 41. Ra3 Rg4 42. Rg1 Rgxg2+ 43. Rxg2 d1=Q 44. Rag3 Rf1 45. Rb2 Rh1+
46. Kg2 Qf1# 0-1

[Event "217th YMCA Summer A"]
[Site "Warsaw"]
[Date "2019.08.07"]
[Round "9"]
[White "Kurowski, Andrzej"]
[Black "Sloniewski, Michal"]
[Result "0-1"]
[WhiteElo "1705"]
[BlackElo "1744"]
[PlyCount "114"]
[EventDate "2019.07.03"]
[EventType "tourn"]
[EventRounds "2"]
[EventCountry "POL"]
[SourceDate "2019.07.03"]

1. Nf3 Nf6 2. c4 e6 3. d4 d5 4. Nc3 c6 5. Bg5 dxc4 6. e4 b5 7. e5 h6 8. Bh4 g5
9. Nxg5 hxg5 10. Bxg5 Nbd7 11. g3 Qb6 12. exf6 c5 13. d5 Bb7 14. Bg2 O-O-O 15.
O-O b4 16. Na4 Qa6 17. a3 b3 18. dxe6 Bxg2 19. e7 Qc6 20. exd8=Q+ Kxd8 21. Nc3
Bf3 22. Qd2 Qe6 23. Rfd1 Qh3 24. Qxd7+ Qxd7 25. Rxd7+ Kxd7 26. Re1 Bd6 27. Nb5
Bb8 28. Re7+ Kc6 29. Nc3 Bd6 30. Rxf7 Be5 31. Bd2 Rd8 32. Re7 Bxf6 33. Re6+ Rd6
34. Rxd6+ Kxd6 35. Nb5+ Kc6 36. Bc3 Bd8 37. a4 a6 38. Na3 Kd5 39. Nb1 Bc7 40.
Kf1 Be5 41. Ke1 Bd4 42. h3 Be4 43. Na3 Bxc3+ 44. bxc3 b2 45. Kd2 a5 46. f4 b1=Q
47. Nxb1 Bxb1 48. g4 Ke4 49. f5 Ke5 50. Ke3 Bc2 51. h4 Bd1 52. f6 Kxf6 53. Kf4
Bxa4 54. h5 Bc2 55. g5+ Kg7 56. g6 Bxg6 57. hxg6 a4 0-1

[Event "217th YMCA Summer A"]
[Site "Warsaw"]
[Date "2019.08.08"]
[Round "10"]
[White "Omar, Mohamed"]
[Black "Szewczak, Andrzej"]
[Result "1-0"]
[WhiteElo "1802"]
[BlackElo "1725"]
[PlyCount "99"]
[EventDate "2019.07.03"]
[EventType "tourn"]
[EventRounds "2"]
[EventCountry "POL"]
[SourceDate "2019.07.03"]

1. e4 e5 2. d4 exd4 3. c3 dxc3 4. Bc4 cxb2 5. Bxb2 Qg5 6. Ne2 Nf6 7. Nbc3 Bb4
8. O-O Nc6 9. Nd5 Nxd5 10. Bxd5 O-O 11. Rb1 Bc5 12. Kh1 d6 13. f4 Qh5 14. Qd2
Be6 15. Qc3 Qh6 16. Rf3 Rfe8 17. Rg3 Kf8 18. Qb3 Bxd5 19. exd5 f6 20. dxc6 bxc6
21. Qc2 Qh5 22. Rf3 Rab8 23. Ng3 Qh4 24. Ne4 Rxb2 25. Qxb2 Rxe4 26. Qb8+ Re8
27. Qxc7 Qe1+ 28. Rf1 Qe4 29. Rb7 Re7 30. Qc8+ Kf7 31. Rxe7+ Kxe7 32. Qg8 g6
33. Qxh7+ Ke6 34. Qg8+ Kd7 35. Qf7+ Qe7 36. Qxg6 d5 37. h4 Bd4 38. Rb1 Kd6 39.
h5 Kc7 40. h6 f5 41. Qh5 Qe6 42. h7 Bh8 43. Qh4 Qf7 44. Re1 Kd7 45. Re3 d4 46.
Ra3 Kd6 47. Qd8+ Ke6 48. Qxh8 Qh5+ 49. Rh3 Qd1+ 50. Kh2 1-0

[Event "217th YMCA Summer A"]
[Site "Warsaw"]
[Date "2019.08.08"]
[Round "10"]
[White "Kasperkiewicz, Pawel"]
[Black "Pajak, Jakub"]
[Result "1-0"]
[WhiteElo "1905"]
[BlackElo "1967"]
[PlyCount "179"]
[EventDate "2019.07.03"]
[EventType "tourn"]
[EventRounds "2"]
[EventCountry "POL"]
[SourceDate "2019.07.03"]

1. e4 g6 2. d4 Bg7 3. Be3 c5 4. c3 Nf6 5. f3 d5 6. e5 Nfd7 7. f4 Qb6 8. Qd2
cxd4 9. cxd4 Nc6 10. Nc3 e6 11. Nf3 a6 12. Be2 Ne7 13. O-O Nf5 14. Bf2 h5 15.
Rac1 Qa7 16. Rc2 b5 17. Rfc1 O-O 18. Bd3 Nh6 19. h3 Nb6 20. b3 b4 21. Nd1 a5
22. Rc7 Qb8 23. Qc2 Nc4 24. Rxc8 Rxc8 25. bxc4 a4 26. c5 b3 27. axb3 axb3 28.
Qc3 Ra3 29. Rb1 Nf5 30. Bxf5 gxf5 31. Nd2 Bh6 32. Be3 Qb5 33. Rxb3 Rxb3 34.
Nxb3 Qe2 35. Qd2 Qc4 36. Nc1 h4 37. Nb2 Qb5 38. Qe2 Qa5 39. Ncd3 Rb8 40. Kh2
Qc3 41. Qf2 Bg7 42. Qd2 Qa3 43. Bf2 Rb3 44. Bxh4 Rc3 45. Be1 Rb3 46. Qc2 Rb8
47. Qa4 Qxa4 48. Nxa4 Kf8 49. Nab2 Ke8 50. Kg3 Kd7 51. Kf3 f6 52. Bd2 fxe5 53.
fxe5 Bf8 54. g4 fxg4+ 55. hxg4 Be7 56. Nd1 Rg8 57. N1f2 Kc6 58. Nf4 Bg5 59. Be3
Kd7 60. Nh5 Rf8+ 61. Ke2 Bxe3 62. Kxe3 Ke7 63. Nf6 Ra8 64. Nd3 Ra3 65. Kd2 Ra4
66. Ke3 Ra3 67. Nh5 Rc3 68. Nhf4 Kd7 69. Ne2 Ra3 70. Nef4 Ra1 71. g5 Rg1 72. g6
Rg3+ 73. Kd2 Kc6 74. Nxe6 Rxg6 75. Nef4 Rh6 76. Ke3 Kd7 77. Nxd5 Rh3+ 78. Ke4
Rh2 79. Ne3 Rh1 80. d5 Ra1 81. Nc2 Ra2 82. Nd4 Rh2 83. c6+ Kd8 84. d6 Rh6 85.
Nb2 Kc8 86. Kd5 Kb8 87. Nc4 Ka7 88. d7 Rh4 89. d8=Q Rxd4+ 90. Kxd4 1-0

[Event "217th YMCA Summer A"]
[Site "Warsaw"]
[Date "2019.08.06"]
[Round "10"]
[White "Sloniewski, Michal"]
[Black "Basiaga, Sebastian"]
[Result "1-0"]
[WhiteElo "1744"]
[BlackElo "1690"]
[PlyCount "81"]
[EventDate "2019.07.03"]
[EventType "tourn"]
[EventRounds "2"]
[EventCountry "POL"]
[SourceDate "2019.07.03"]

1. c4 c6 2. e4 d5 3. exd5 cxd5 4. d4 Nf6 5. Nc3 Nc6 6. Bg5 dxc4 7. d5 Na5 8.
Nf3 Bd7 9. Be2 h6 10. Bh4 g5 11. Bg3 Bg7 12. O-O O-O 13. Ne5 b5 14. f4 b4 15.
Nb1 Ne4 16. Nd2 Nxg3 17. hxg3 c3 18. bxc3 bxc3 19. Ne4 Rc8 20. Rc1 Qb6+ 21. Kh1
Bb5 22. Bxb5 Qxb5 23. Rxc3 Rxc3 24. Nxc3 Qb4 25. Qd3 gxf4 26. gxf4 Nb7 27. Ne4
Nd6 28. Ng3 Qb2 29. Nc6 Re8 30. Re1 Bf8 31. Nh5 Qf2 32. Re3 Nf5 33. Qxf5 Qxe3
34. Qg4+ Kh8 35. Ne5 Qe1+ 36. Kh2 Qe4 37. Nxf7+ Kh7 38. Ne5 Rd8 39. Qe6 Qxd5
40. Qg6+ Kh8 41. Nf7+ 1-0